000 00322nam a22001217a 4500
008 190315b xxu||||| |||| 00| 0 eng d
041 _aeng
080 _a043.3
100 _a0
101 _aMBE-BA
245 _aBenefitet e Auditimit te jashtem ne funksionimin e Bankave Komerciale ne Kosove
_cSadiku, N
942 _2udc
_cBK
999 _c54831
_d54831